Современные цифро-аналоговые преобразователи фирмы Maxim; Схемотехника; № 3

書誌詳細
Parent link:Схемотехника: научно-технический журнал.— , 2002-2007
№ 3.— 2003.— С. 47-51
第一著者: Николайчук О. Олег
言語:ロシア語
出版事項: 2003
シリーズ:Справочный листок
主題:
フォーマット: MixedMaterials 図書の章
KOHA link:https://koha.lib.tpu.ru/cgi-bin/koha/opac-detail.pl?biblionumber=385549

MARC

LEADER 00000naa2a2200000 4500
001 385549
005 20231101063358.0
035 |a (RuTPU)RU\TPU\prd\13448 
090 |a 385549 
100 |a 20030507a2003 k y0rusy50 ca 
101 0 |a rus 
102 |a RU 
200 1 |a Современные цифро-аналоговые преобразователи фирмы Maxim  |f О. Николайчук 
225 1 |a Справочный листок 
311 |a Окончание. Начало: 2002, №12. 
461 1 |0 (RuTPU)RU\TPU\prd\2494  |t Схемотехника  |o научно-технический журнал  |d 2002-2007 
463 1 |0 (RuTPU)RU\TPU\prd\13059  |t № 3  |v С. 47-51  |d 2003 
610 1 |a цифровые преобразователи 
610 1 |a аналоговые преобразователи 
610 1 |a фирмы 
610 1 |a Maxim 
610 1 |a интерфейсы 
700 1 |a Николайчук  |b О.  |g Олег 
801 1 |a RU  |b 63413507  |c 20030507  |g PSBO 
801 2 |a RU  |b 63413507  |c 20131218  |g PSBO 
942 |c BK